| 000 | 00921cam a22003014a 4500 | ||
|---|---|---|---|
| 001 | 15973817 | ||
| 005 | 20180109040810.0 | ||
| 008 | 091104s2011 moua 001 0 eng | ||
| 010 | _a 2009046747 | ||
| 016 | 7 |
_a101518819 _2DNLM |
|
| 020 | _a9781437705706 (pbk. : alk. paper) | ||
| 020 | _a1437705707 (pbk. : alk. paper) | ||
| 035 | _a(OCoLC)ocn463631958 | ||
| 040 |
_aDNLM/DLC _cDLC _dYDX _dBTCTA _dNLM _dCDX _dYDXCP _dDLC |
||
| 041 | _aeng | ||
| 042 | _apcc | ||
| 060 | 0 | 0 | _a2010 D-106 |
| 060 | 1 | 0 |
_aW 15 _bC427L 2011 |
| 080 | _a610.14 | ||
| 082 | 0 | 0 |
_a610.14 CHA _222 |
| 100 | 1 | _a4 | |
| 101 | _aSHM | ||
| 245 | 1 | 4 |
_aThe language of medicine / _cDavi-Ellen Chabner. |
| 504 | _aIncludes bibliographical references and index. | ||
| 906 |
_a7 _bcbc _corignew _d1 _eecip _f20 _gy-gencatlg |
||
| 942 |
_2ddc _cBK |
||
| 999 |
_c39858 _d39858 |
||